| 000 | 00890nam a2200229Ii 4500 | ||
|---|---|---|---|
| 003 | JO-AjNU | ||
| 008 | 230605s9999||||xx |||||||||||||| ||und|| | ||
| 017 | _a1988/7653 | ||
| 040 |
_aJO-AjNU _bara _erda _cJO-AjNU |
||
| 041 | _aara | ||
| 050 | 1 | 4 | _aHM24 .S5624 1988 |
| 100 | 3 |
_aشوجرمان، باري ؛ ترجمة وتعليق: محمد الغريب عبدالكريم, _eauthor _919343 |
|
| 245 | 0 | 0 | _aعلم الاجتماع : النظرية والمفهوم |
| 250 | _aط5 مزيدة ومنقحة | ||
| 264 | 3 | 1 | _aالاسكندرية: المكتب الجامعي، 1988 |
| 300 |
_a263ص _bيحتوي على ببلوغرافية من 255-263ص |
||
| 336 |
_atext _btxt _2rdacontent |
||
| 337 |
_aunmediated _bn _2rdamedia |
||
| 338 |
_avolume _bnc _2rdacarrier |
||
| 490 | 0 | _aسلسلة دراسات اجتماعية وسكانية؛ 4 | |
| 650 | 4 |
_aعلم الاجتماع _919344 |
|
| 999 |
_aA6363 _c9931 _d9931 |
||